LEADER 01356aam 2200409I 450 001 9910709924003321 005 20151118015316.0 024 8 $aGOVPUB-C13-2cafae8feface033b607bb700466948a 035 $a(CKB)5470000002475029 035 $a(OCoLC)929878439 035 $a(EXLCZ)995470000002475029 100 $a20151118d1977 ua 0 101 0 $aeng 181 $2rdacontent 182 $2rdamedia 183 $2rdacarrier 200 10$aContainer board $eReport no. 98 /$fE. B. Randall Jr.; J. Horlick; J. F. Stevenson 210 1$aGaithersburg, MD :$cU.S. Dept. of Commerce, National Institute of Standards and Technology,$d1977. 215 $a1 online resource 225 1 $aNBSIR ;$v77-1326 300 $a1977. 300 $aContributed record: Metadata reviewed, not verified. Some fields updated by batch processes. 300 $aTitle from PDF title page. 320 $aIncludes bibliographical references. 517 $aContainer board 700 $aRandall$b E. B., Jr$01386939 701 $aHorlick$b J$01386491 701 $aRandall$b E. B., Jr$01386939 701 $aStevenson$b J. F$01407764 712 02$aUnited States.$bNational Bureau of Standards. 801 0$bNBS 801 1$bNBS 801 2$bGPO 906 $aBOOK 912 $a9910709924003321 996 $aContainer board$93490040 997 $aUNINA LEADER 01554nas a2200409 i 4500 001 991003423709707536 005 20231109125016.0 008 080228c20069999tnuqr p 0 a0eng d 022 $a1559-1948$l1559-1956 035 $ab13689204-39ule_inst 040 $aDip.to Matematica$beng 080 $aCDU 51 082 10$a515$214 229 0$aJournal of applied functional analysis 245 00$aJournal of applied functional analysis 246 13$aJAFA 260 $aCordova, TN :$bEudoxus Press,$c2006- 300 $av. :$bill. ;$c28 cm 310 $aQuarterly 362 0 $aVol. 1, no. 1 (Jan. 2006)- 500 $aTitle from cover 500 $aAccesso elettronico: LE013 2006- 530 $aAlso issued online 592 $aLE013 2008; 2011; 650 0$aFunctional analysis$vPeriodicals 740 0 $aJ. Appl. Funct. Anal. 776 1 $nISSN (electronic edition):$x1559-1956 856 41$uhttp://www.eudoxuspress.com/jafa.html$zE-journal 907 $a.b13689204$b02-02-22$c28-02-08 912 $a991003423709707536 945 $aLE013$g1$lle013$o-$pE0.00$q-$rn$so$t18$u0$v0$w0$x0$y.i14936549$z02-03-09 945 $aLE013$c2008$g1$lle013$on$pE208.43$q-$rn$so$t18$u0$v0$w0$x0$y.i14936586$z02-03-09 945 $aLE013$c2007$g1$lle013$on$pE246.34$q-$rn$so$t18$u0$v0$w0$x0$y.i14971240$z26-05-09 945 $aLE013$c2009$g1$lle013$on$pE234.57$q-$rn$so$t18$u0$v0$w0$x0$y.i15214977$z29-12-10 996 $aJournal of applied functional analysis$9258611 997 $aUNISALENTO 998 $ale013$b28-02-08$cs$da$e-$feng$gtnu$h0$i0